000 00571nam a2200205Ia 4500
003 OSt
005 20220926035331.0
006 a|||||r|||| 00| 0
007 ta
008 220923b |||||||| |||| 00| 0 eng d
037 _cGeneral Book
040 _aRTL
_cRTL
_beng
041 _2eng
_aeng
082 _aX4::2:N5, J3;J7 D&W
100 _aBhatnagar K. P.
_9342186
245 0 _aTransport in modern India
650 _aTransport Economics -- India
_9239468
942 _hX4::2:N5, J3;J7 D&W
_cGB
_2CC
999 _c661931
_d661931